00729nam a2200205 i 4500001000400000100002000004245004000024260004700064300003200111490004300143504004300186650002200229650005900251830004300310020001500353040000800368041000800376008004100384856009800425bgj1 aSCOVEL, Thomas.10aPsycholinguistics /cThomas Scovel. aOxford :bOxford University Press ;c1998. aXIII, 134, [1] pp ;c19 cm.1 aOxford Introductions to Language Study aBibliographical references p. 115-121. 9aPsycholinguistics 9aEnglish languagexStudy and teachingxForeign Speakers aOxford Introductions to Language Study a0194372138 cBPK0 aeng s uk f |000 0 eng  uhttp://koha.tu.koszalin.pl/cgi-bin/koha/opac-detail.pl?biblionumber=48636yKatalog online BPK